Лыгъоравэтльа-францияльы-англияльы-руссильин вэтгавъёчгын. [Т.] 3 (Запись № 13421958)

Подробности
000 -МАРКЕР
контрольное поле 01873nam2a2200289 4500
001 - ИДЕНТИФИКАТОР ЗАПИСИ
контрольное поле RU\NLR\BIBL_A\011963379
005 - ИДЕНТИФИКАТОР ВЕРСИИ
контрольное поле 20250128194045.0
010 ## - МЕЖДУНАРОДНЫЙ СТАНДАРТНЫЙ НОМЕР КНИГИ (ISBN)
Номер (ISBN) 978-5-00105-356-9
Тираж 300
021 ## - НОМЕР ГОСУДАРСТВЕННОЙ РЕГИСТРАЦИИ
Код страны Российская Федерация
Номер КН-П-19-010641
Номер Листа государственной регистраци КН-П-19-0782
035 ## - ДРУГИЕ СИСТЕМНЫЕ НОМЕРА
Идентификатор записи (NLR Aleph) 011963379
100 ## - ДАННЫЕ ОБЩЕЙ ОБРАБОТКИ
Данные общей обработки 20190319d2018 u y0rusy50 ca
101 0# - ЯЗЫК РЕСУРСА
Язык текста, звукозаписи и т.д. луораветланский, чукотский
-- французский
-- английский
-- русский
102 ## - СТРАНА ПУБЛИКАЦИИ ИЛИ ПРОИЗВОДСТВА
Страна публикации Российская Федерация
105 ## - ПОЛЕ КОДИРОВАННЫХ ДАННЫХ: ТЕКСТОВЫЕ МАТЕРИАЛЫ, МОНОГРАФИЧЕСКИЕ
Кодированные данные о монографическом текстовом документе y e 000zy
200 0# - ЗАГЛАВИЕ И СВЕДЕНИЯ ОБ ОТВЕТСТВЕННОСТИ
Основное заглавие [Т.] 3
210 ## - ПУБЛИКАЦИЯ, РАСПРОСТРАНЕНИЕ И ДР.
Дата издания, распространения и т.д. 2018
215 ## - ФИЗИЧЕСКАЯ ХАРАКТЕРИСТИКА
Специфическое обозначение материала и объем 731, [1] с.
320 ## - ПРИМЕЧАНИЯ О НАЛИЧИИ В ДОКУМЕНТЕ БИБЛИОГРАФИИ / УКАЗАТЕЛЯ
Текст примечания Др. произведения авт. с. 730-731
461 #0 - УРОВЕНЬ НАБОРА
Встроенное поле 001RU\NLR\BIBL_A\011970060
-- 2001#$aЛыгъоравэтльа-францияльы-англияльы-руссильин вэтгавъёчгын$dDictionnaire tchouktche-français-anglais-russe$dChukchi-french-english-russian dictionary$dЧукотско-французско-англо-русский словарь$eрытэнмычьав 35000 вэтгавыт ңирэқэв калейпатгыргын$fШарль Венстен$g[Региональная общественная организация любителей чукотского языка Чукотского автономного округа "Родное слово"]$zfre$zeng$zrus$v[Т.] 3
-- 700#1$aВенстен$bШ.$gШарль
Системный номер (АБИС) связанной записи 11251479
Автор Венстен, Ш.
Место публикации Анадырь
Дата публикации 2018
Издание [2-е изд.]
Первые сведения об ответственности Шарль Венстен
Параллельное заглавие Dictionnaire tchouktche-français-anglais-russe
Имя издателя, распространителя и т.д. Лема
Сведения, относящиеся к заглавию рытэнмычьав 35000 вэтгавыт ңирэқэв калейпатгыргын
Заглавие Лыгъоравэтльа-францияльы-англияльы-руссильин вэтгавъёчгын
ISBN 9785001053538
Номер тома [Т.] 3
852 ## - МЕСТОНАХОЖДЕНИЕ И ШИФР ХРАНЕНИЯ
Идентификатор организации NLR
Наименование фонда или коллекции (Sub-Location Identifier) ОНЛ
Шифр хранения (Call Number) Чукот./5-16
942 ## - ДОПОЛНИТЕЛЬНЫЕ ЭЛЕМЕНТЫ ЗАПИСИ (АБИС)
Тип экземпляра АБИС Книга
980 ## - КОЛЛЕКЦИЯ
Название коллекции НБР
980 ## - КОЛЛЕКЦИЯ
Название коллекции Национальная библиография
Экземпляры
Тип экземпляра Дата поступления Источник поступления Стоимость Библиотека постоянного хранения Библиотека текущего хранения Место хранения Шифр хранения Штрих-код Статус экземпляра
Книга 19.03.2019 Обязательный экземпляр 0.00 РНБ (Московский) РНБ (Московский) Фонд национальных литератур ОНЛ Чукот./5-16 1-2649959  
Книга 19.03.2019 Обязательный экземпляр 0.00 РНБ (Московский) РНБ (Московский) Обменный фонд   1-2649960